000 00849nam a22003017a 4500
003 CHAP
005 20220329133412.0
008 971013s1983 r 00010 d
010 _a5945
011 _a6917
035 _a6140
040 _cCHAP
082 _a627
_bS65Y
100 0 0 _aSimon, Andrew L.
_9106185
245 _aHidráulica básica
260 _aMéxico, D.F. :
_bLimusa,
_c1983
300 _a234 p.
500 _a60-87
590 _aBATCH-UPD
_b10
_c20130110
_lUCH01
_h0120
590 _aBATCH-UPD
_b10
_c20130110
_lUCH01
_h0914
590 _aBATCH-UPD
_b10
_c20130410
_lUCH01
_h0538
590 _aBATCH-UPD
_b10
_c20130914
_lUCH01
_h1613
590 _aCONVERSION
_b10
_c20130109
_lUCH01
_h1304
650 1 4 _aHidráulica.
_955219
901 _aBK
942 _cLIBRO
949 _a627 S65Y
_bBC
_cLIBRO
_d33724000483749
_eLIBRO
_h17912
_i6140
_si
999 _c5945
_d5945